El Anteproyecto para el nuevo Código de Trabajo /

Sin resumen

Saved in:
Bibliographic Details
Main Author: Cascante Castillo, German Eduardo
Format: Text
Subjects:
Tags: Add Tag
No Tags, Be the first to tag this record!

MARC

LEADER 00000 a a2200000 04500
001 25
003
040
100 |a Cascante Castillo, German Eduardo  
245 |a El Anteproyecto para el nuevo Código de Trabajo /  |c German Eduardo Cascante Castillo 
520 |a Sin resumen  
650 |a CODIGO DEL TRABAJO  
650 |a SINDICATOS  
650 |a ASPECTOS ECONOMICOS  
650 |a ASPECTOS SOCIALES  
773 |g número 13 -14; páginas 157-165  
999 |c 29297  |d 29297 
773 0 |0 18806  |9 2087  |a Universidad Nacional de Costa Rica  |d Heredia: C.R.: EUNA  |o 02253  |t ABRA  |x 14093928